Ilm Ka Darwaza (Record no. 21246)

MARC details
000 -LEADER
fixed length control field 00299nam a22001337a 4500
082 ## - DEWEY DECIMAL CLASSIFICATION NUMBER
Classification number 491.48
Author Cutter HOO
100 ## - MAIN ENTRY--AUTHOR NAME
Author name Hoosteter P.A
245 ## - TITLE STATEMENT
Title Ilm Ka Darwaza
260 ## - PUBLICATION, DISTRIBUTION, ETC. (IMPRINT)
Place of publication Lahore
Name of publisher Ilmi Press
300 ## - PHYSICAL DESCRIPTION
Number of Pages 45
650 ## - SUBJECT ADDED ENTRY--TOPICAL TERM
Topical Term Urdu Learning Book
942 ## - ADDED ENTRY ELEMENTS (KOHA)
Koha item type Books
Holdings
Home library Current library Shelving location Date acquired Full call number Accession Number Koha item type
Henry Martyn Institute Library Henry Martyn Institute Library General stacks 07/27/2018 491.48 HOO 13139 Books
                   Copyright © 2026 | Henry Martyn Institute | Hyderabad | TS-500052 | INDIA | Implemented by hmi.edu.in
Hit-Count:

Powered by Koha